Loading...
| Social Science | 0 | 2 | 0 | 0 | 20 | 65 | 88.50 | 0 | 1 | 4.30 | 14.55 |
| Science - Other | 0 | 2 | 0 | 1 | 20 | 27 | 69.50 | 1 | 1 | 7.35 | 12.00 |
| Literature - British | 0 | 2 | 0 | 0 | 20 | 103 | 107.00 | 0 | 0 | 4.51 | 7.00 |
| Literature - World | 0 | 1 | 0 | 0 | 10 | 104 | 104.00 | 0 | 0 | 1.61 | 5.00 |
| Popular Culture | 0 | 1 | 0 | 1 | 10 | 137 | 137.00 | 0 | 0 | 0.24 | 13.33 |
| Mythology | 0 | 1 | 0 | 1 | 10 | 116 | 116.00 | 0 | 0 | 1.28 | 3.00 |
| Literature - American | 0 | 1 | 0 | 0 | 10 | 59 | 59.00 | 0 | 1 | 5.20 | 9.00 |
| Literature - European | 0 | 1 | 0 | 0 | 10 | 98 | 98.00 | 0 | 0 | 2.34 | 5.00 |
| Science - Chemistry | 0 | 0 | 1 | 0 | -5 | 0.00 | 0 | 0 | 0.00 | 0.00 | |
| Fine Arts - Classical Music | 0 | 0 | 1 | 0 | -5 | 0.00 | 0 | 0 | 0.00 | 0.00 | |
| Philosophy | 0 | 0 | 2 | 0 | -10 | 0.00 | 0 | 0 | 0.00 | 0.00 |